| 000 | 01489nam a22002297a 4500 | ||
|---|---|---|---|
| 999 |
_c63289 _d63289 |
||
| 005 | 20250728131240.0 | ||
| 008 | 250728s2021 en ||||| |||| 00| 0 eng d | ||
| 020 | _a9780323654005 X | ||
| 041 | _aeng | ||
| 080 | _a618(059)+616 B-15 | ||
| 100 |
_aBaggish, Michael S. _d[Author] _925687 |
||
| 245 |
_aAtlas of pelvic anatomy and gynecologic surgery / _cAuthors:Michael S. Baggish, Mickey M. Karram |
||
| 250 | _aFifth edition | ||
| 264 |
_a Philadelphia : _bElsevier, _c 2021. |
||
| 300 |
_a 1439 p:. _bill; _c32 cm. |
||
| 653 | _aAtlas of pelvic anatomy and gynecologic surgery | ||
| 653 | _aCombining detailed descriptions of pelvic anatomy with easy-to-follow instructions for gynecologic procedures, Atlas of Pelvic Anatomy and Gynecologic Surgery, 5th Edition, is a comprehensive, up-to-date atlas that reflects current practices in this fast-changing field. Pelvic anatomy and surgical operations are depicted through full-color anatomic drawings, correlative surgical artwork with step-by-step photographs, and computer-assisted hybrid photo illustrations. Complete coverage of both conventional and endoscopic surgeries helps you master the full spectrum of surgical procedures"--Publisher's description | ||
| 653 | _aმენჯის ანატომიისა და გინეკოლოგიური ქირურგიის ატლასი | ||
| 653 | _aმედიცინა | ||
| 700 |
_aKarram, Mickey M. _98639 |
||
| 942 |
_2udc _cᲬᲘᲒᲜᲘ |
||